000
00255nam a22001097a 4500
999
_c
13583
_d
13583
082
_a
891
100
_a
محمّد اختر
245
_a
فغاں رومی
260
_a
کراچی
_b
کتب خانہ مظہری
300
_a
٤٣١ صفحات
942
_c
BK